Sexo y moralidad : (Record no. 143816)
[ view plain ]
| 000 -LEADER | |
|---|---|
| campo de control de longitud fija | 00845nam a2200265 4500 |
| 001 - NÚMERO DE CONTROL | |
| campo de control | 143816 |
| 003 - IDENTIFICADOR DE NÚMERO DE CONTROL | |
| campo de control | ES-MaACL |
| 005 - FECHA Y HORA DE LA ÚLTIMA TRANSACCIÓN | |
| campo de control | 20250902063106.0 |
| 007 - CAMPO FIJO DE DESCRIPCIÓN FÍSICA--INFORMACIÓN GENERAL | |
| campo de control de longitud fija | t| |
| 008 - DATOS DE LONGITUD FIJA--INFORMACIÓN GENERAL | |
| campo de control de longitud fija | 070214s1968 sp r ||||1| spa d |
| 017 ## - NÚMERO DE COPYRIGHT O DE DEPÓSITO LEGAL | |
| Número de copyright o de depósito legal | M 24009-1968 |
| Agencia que asigna | Oficina Depósito Legal Madrid |
| 080 ## - NÚMERO DE LA CLASIFICACIÓN DECIMAL UNIVERSAL | |
| Número de la Clasificación Decimal Universal | 176 |
| 080 ## - NÚMERO DE LA CLASIFICACIÓN DECIMAL UNIVERSAL | |
| Número de la Clasificación Decimal Universal | 612.6:28 |
| 245 00 - MENCIÓN DEL TÍTULO | |
| Título | Sexo y moralidad : |
| Resto del título | informe [presentado al Consejo Británico de las Iglesias] |
| 260 ## - PUBLICACIÓN, DISTRIBUCIÓN, ETC. | |
| Lugar de publicación, distribución, etc. | Madrid : |
| Nombre del editor, distribuidor, etc. | Mester, |
| Fecha de publicación, distribución, etc. | 1968 |
| 300 ## - DESCRIPCIÓN FÍSICA | |
| Extensión | 149 páginas ; |
| Dimensiones | 20 cm |
| 490 ## - MENCIÓN DE SERIE | |
| Mención de serie | Colección hombre nuevo ; |
| Designación de volumen o secuencia | 3 |
| RLIN | 182261 |
| 650 #7 - PUNTO DE ACCESO ADICIONAL DE MATERIA--TÉRMINO DE MATERIA | |
| Término de materia o nombre geográfico como elemento de entrada | Ética sexual |
| Fuente del encabezamiento o término | embne |
| 9 (RLIN) | 12591 |
| 710 2# - ENTRADA AGREGADA--NOMBRE DE ENTIDAD CORPORATIVA | |
| Nombre de entidad corporativa o nombre de jurisdicción como elemento de entrada | British Council of Churches |
| 9 (RLIN) | 3183 |
| 830 #0 - PUNTO DE ACCESO ADICIONAL DE SERIE-TÍTULO UNIFORME | |
| 9 (RLIN) | 182261 |
| Título uniforme | Colección hombre nuevo ; |
| Designación de volumen o secuencia | 3 |
| 852 4# - LOCALIZACIÓN | |
| Ubicación | ES-MaACL |
| Sublocalización o colección | R.68818 |
| Ubicación en estantería | Depósito 2 |
| Número de control de estantería | C-50367 |
| 942 ## - ELEMENTOS DE ENTRADA SECUNDARIOS (KOHA) | |
| Fuente del sistema de clasificación o colocación | Clasificación decimal universal |
| Tipo de ítem Koha | Libro impreso |
| Suprimir en OPAC | No |
| Estatus retirado | Estado de pérdida | Estado de daño | No para préstamo | Biblioteca de origen | Biblioteca actual | Ubicación en estantería | Fecha de adquisición | Fuente de adquisición | Total de préstamos | Signatura topográfica completa | Código de barras | Visto por última vez | Precio de reemplazo | Tipo de ítem Koha |
|---|---|---|---|---|---|---|---|---|---|---|---|---|---|---|
| Biblioteca del Ateneo de Madrid | Biblioteca del Ateneo de Madrid | Depósito 2 | 17/01/2008 | C-50367 | 1149630 | 23/02/2023 | 23/02/2023 | Libro impreso |
